000
00210nam a22000977a 4500
999
_c
15948
_d
15948
003
OSt
008
191024b ||||| |||| 00| 0 eng d
100
_a
Varkey,Ponkunnam.
_9
1741
245
_a
Manushyan
942
_c
BK